000 00418nam a2200157 i 4500
001 101432
003 ES-MaACL
005 20230906182916.0
007 t|
008 051018s1949 sp ||||1| spa d
100 0 _aMazo, Ricardo.
_979483
245 1 0 _aAlejandro Magno
_b: novela /
_cRicardo Mazo Muñoz.
260 _aMadrid :
_bMon,
_c1949.
300 _a274 p. ;
_c17 cm.
852 _aES-MaACL
_jB-12962
_bR.29005
999 _c101432
_d101432